000 00919nam a2200253 4500
005 20240530110451.0
008 150511b2010 ua g b 000 0 ara d
017 _a2010/10182
_bمصر . دار الكتب المصرية
020 _a978977495026
040 _aEG-CaGPL
082 0 4 _221
_a809\
_bا أ
100 0 _aالطاهر احمد مكى
245 1 2 _aالادب المقارن :
_bاصوله وتطوره ومناهجه /
_cالطاهر احمد مكى
250 _aط1
260 _aالقاهرة :
_bدار العالم العربى ،
_c2010 .
300 _a543 ص ؛
_c24 سم
504 _aببليوجرافية : ص 538 - 540
650 0 4 _aالادب المقارن
650 0 4 _aالادب المقارن
_xمناهج
650 0 4 _aالادب المقارن
_xتطور
650 0 4 _aالادب المقارن
_xاصول
942 _2ddc
_cBK
999 _c61245
_d61245